000 00617nam a2200229Ia 4500
003 OSt
005 20221007071132.0
006 a|||||r|||| 00| 0
007 ta
008 221006b |||||||| |||| 00| 0 eng d
024 _a19,706
037 _cTextual
040 _aFLL
_cFLL
_beng
041 _2eng
_aeng
082 _aZ1:81, L5
100 _aMcwhinney E.
_9688198
245 0 _aIllegal diversion of aircraft and international law
260 _aLeyden
_bA.W. Sijthoff Netherland
_c1975
300 _a123p
_ccm.
942 _hZ1:81, L5
_cTEXL
_2CC
999 _c1142541
_d1142541